Introducción a la biología /
Guardado en:
| Autor Principal: | |
|---|---|
| Otros Autores: | |
| Formato: | Libro |
| Publicado: |
Mexico :
Mcgraw-hill,
1974
|
| Materias: | |
| Etiquetas: |
Agregar Etiqueta
Sin Etiquetas, Sea el primero en etiquetar este registro!
|
| LEADER | 00976nam a22002295a 4500 | ||
|---|---|---|---|
| 001 | CEM.cems002225 | ||
| 005 | 20060216000000.0 | ||
| 008 | 130507s1974##################000#0#####d | ||
| 003 | CEMS | ||
| 082 | 0 | 4 | |a 574 |
| 100 | 1 | |a Ehrlich, Paul R. | |
| 245 | 1 | 0 | |a Introducción a la biología / |
| 260 | |a Mexico : |b Mcgraw-hill, |c 1974 | ||
| 300 | |a 501 p. | ||
| 505 | 0 | |a Diversidad de la vida: an lisis y estudio del mundo vivo.-Causas de la diversidad bi¢tica: integraci¢n y adaptaci¢n de los organismos al ambiente.-Organizaci¢n de la vida: base molecular de la vida; célula; desarrollo; plan corporal.-Mantenimiento del individuo: nutrici¢n; mecanismos de integraci¢n; respuesta adaptativa.-Continuaci¢n de la vida: perpetuaci¢n de la especie. | |
| 653 | |a Biologia | ||
| 653 | |a Comunicacion animal | ||
| 653 | |a Contaminacion | ||
| 653 | |a Etologia | ||
| 653 | |a Evolucion humana | ||
| 700 | 1 | |a Holm, Richard W. | |
| 859 | |a CEMS |b BIB. CEMS - 11 de abril |h 574 |i Eh81 |p 7662.80 |t Ej.1 | ||
